000 00676nam a22002057a 4500
005 20231226124026.0
010 _aENG-138759
020 _a9789390897872
_c300.00
035 _aEN-122291
037 _bDBAD/PUB
082 _a305.42
_21
100 _aChary, P. Venkata
_960225
245 _aWork and Education/
_cBy P. Venkata Chary and Edited By Elisha Kolluri
250 _a1
260 _aNew Delhi
_bNeelkamal Publications
_c2023
270 _a4764/1, 23, Ansari Road, Daryaganj,
_bDelhi
_e110002
_k011-23224237
_k9811828953
300 _axii+232p.
_bIndex
_c24cm(pbk)
700 _aKolluri, Elisha
_eEditer
_960223
942 _2ddc
_cEN
_h305.42
_mCHA
_e1
999 _c199805
_d199805